[Event "Oberfranken-ch Q 0607"]
[Site "Schney"]
[Date "2007.01.03"]
[Round "4"]
[White "Rahn, Manfred"]
[Black "Hohenberger, Hans Kurt"]
[Result "1/2-1/2"]
[WhiteElo "1878"]
[BlackElo "1849"]
[PlyCount "120"]
[EventDate "2007.01.02"]
[EventType "swiss"]
[EventRounds "6"]
[EventCountry "GER"]
[SourceTitle "EXT 2015"]
[Source "ChessBase"]
[SourceDate "2014.11.20"]
[SourceVersion "1"]
[SourceVersionDate "2014.11.20"]
[SourceQuality "1"]

1. e4 c5 2. c3 d6 3. Nf3 Nf6 4. h3 Nc6 5. Bd3 g6 6. 0-0 Bg7 7. Bc2 Qc7 8. Re1 0-0 9. d3 b5 10. Bf4 Nd7 11. Qc1 Bb7 12. Bh6 Rac8 13. Bxg7 Kxg7 14. a3 a5 15. Qf4 e6 16. Nbd2 e5 17. Qg3 Ne7 18. Nh4 f5 19. exf5 Nxf5 20. Nxf5+ Rxf5 21. d4 Rf7 22. dxe5 Nxe5 23. Be4 Bxe4 24. Nxe4 Re7 25. Rad1 Rd8 26. f4 Nf7 27. f5 Re5 28. Ng5 Nxg5 29. Qxg5 Rde8 30. f6+ Kf7 31. Rxe5 Rxe5 32. Qh6 Kxf6 33. Qf8+ Ke6 34. Qe8+ Qe7 35. Qxb5 Qd8 36. Qb7 Qd7 37. Qb8 Qe7 38. b4 cxb4 39. cxb4 axb4 40. axb4 d5 41. Qxe5+ Kxe5 42. Re1+ Kd6 43. Rxe7 Kxe7 44. Kf2 Kd6 45. Ke3 Kc6 46. Kd4 Kb5 47. Kxd5 Kxb4 48. Ke4 Kc4 49. h4 Kc5 50. Ke5 Kc6 51. Ke6 Kc5 52. Kf6 Kd5 53. g4 Ke4 54. Kg5 h5 55. gxh5 gxh5 56. Kg6 Kf4 57. Kxh5 Kf5 58. Kh6 Kf6 59. h5 Kf7 60. Kh7 Kf8 1/2-1/2